Diez obras de fin de siglo.

Сохранить в:
Библиографические подробности
Главный автор: Griffero Sánchez, Ramón (autor)
Формат:
Опубликовано: Santiago, Chile: Ediciones Frontera Sur, 2005.
Предметы:
Метки: Добавить метку
Нет меток, Требуется 1-ая метка записи!

MARC

LEADER 00000cam a2200000 a 4500
001 UCG9615
003 CL-VaPUC
005 20230531074427.0
008 230515t2005 ||||| |||| 00| 0 eng d
999 |c 440852  |d 440850 
020 |a 956-299-547-X 
040 |c Pontificia Universidad Católica de Valparaíso 
082 0 4 |a Ch862 GRI 2005  |2 21 
100 0 |a Griffero Sánchez, Ramón  |e autor  |9 473353 
245 1 0 |a Diez obras de fin de siglo. 
260 |a Santiago, Chile:  |b Ediciones Frontera Sur,  |c 2005. 
300 |a 312 páginas. 
500 |a c.1 Donación Rectoria 2022. 
583 |a last modification  |c 20120330 12:02:16  |k Catalogador Asistente 
650 0 |a Teatro chileno  |9 266701 
650 0 |a Literatura chilena   |9 308278 
942 |c BK  |2 ddc 
952 |0 0  |1 0  |2 ddc  |4 0  |6 CH_862_000000000000000_GRI_2005  |7 0  |8 A  |9 590028  |a BIBEDU  |b BIBEDU  |d 2023-05-15  |e Donación  |i 5657418  |l 1  |o Ch862 GRI 2005  |p 5657418  |r 2023-08-29  |s 2023-08-25  |t 1  |w 2023-05-15  |y BK  |k LIT